000 01213cam a2200289 a 4500
001 14733205
003 ARRUPE
005 20130925112522.0
008 070213s2007 njua 000 0 eng
010 _a 2007006276
020 _a9781587680427 (cloth : alk. paper)
020 _a1587680424 (cloth : alk. paper)
035 _a(OCoLC)ocm84903392
035 _a(OCoLC)84903392
040 _aDLC
_cDLC
_dYDX
_dBAKER
_dBTCTA
_dDLC
050 0 0 _aBX4705.K379
_bA5 2007
100 1 _aKennedy, Eugene C.
_91208
245 1 0 _aBlogging towards Bethlehem :
_bdiscovering the eternal in the seasons of ordinary time /
_cEugene Kennedy ; illustrations by Ronald Bailey.
260 _aMahwah, N.J. :
_bHiddenSpring,
_cc2007.
300 _axiii, 320 p. :
_bill. ;
_c24 cm.
610 2 0 _aCatholic Church
_xMiscellanea.
_91209
650 0 _aChristian ethics
_xCatholic authors
_xMiscellanea.
_91210
856 4 1 _3Table of contents only
_uhttp://www.loc.gov/catdir/toc/ecip0711/2007006276.html
906 _a7
_bcbc
_corignew
_d1
_eecip
_f20
_gy-gencatlg
942 _2lcc
_cMONOGRAPH
999 _c118031
_d118031